NBC Sitcom Last Name Extravaganza! Quiz Stats

 Plays Quiz Updated Feb 15, 2019

Support Sporcle.
Go Orange.
Score 0/51 Timer 09:00
3 Plays Today
Hint Answer % Correct
SeinfeldSeinfeld
90.2%
FriendsBing
86.3%
FriendsGeller/ Geller-Bing
82.2%
FriendsGeller
82.2%
FrasierCrane
81.8%
FrasierCrane
81.8%
FrasierCrane
81.8%
SeinfeldKramer
81.3%
FriendsGreen
78.9%
SeinfeldCostanza
78%
CheersMalone
73.3%
30 RockLemon
70%
The OfficeScott
69.9%
SeinfeldBenes
65.7%
The OfficeSchrute
64.9%
Parks & RecreationKnope
61.7%
FriendsBuffay/ Buffay-Hannigan
60.3%
FriendsTribbiani
59.6%
The OfficeBeesly/ Halpert
55.1%
The OfficeHalpert
54.8%
Parks & RecreationSwanson
51.6%
CheersClavin
50.8%
CheersChambers
46.9%
FrasierMoon/ Moon-Crane
46.8%
CheersPeterson
40.1%
Parks & RecreationPerkins
37%
Hint Answer % Correct
CheersBoyd
37%
The OfficeBernard
36.6%
Parks & RecreationHaverford
35.9%
Parks & RecreationDwyer
35.1%
Parks & RecreationLudgate
34.8%
30 RockJordan
34.6%
The OfficeHoward
33.8%
Will & GraceAdler
33.3%
CheersTortelli/ LeBec
31%
CheersHowe
30.3%
The OfficeMartin
27.9%
Parks & RecreationWyatt
26.6%
30 RockDonaghy
25.7%
Parks & RecreationTraeger
24.3%
Will & GraceTruman
22.5%
FrasierDoyle
21.5%
30 RockMaroney
18.9%
30 RockParcell
17.1%
Will & GraceWalker
15.7%
Will & GraceMcFarland
11.5%
FrasierBriscoe
11.2%
30 RockHornberger
9.5%
30 RockRossitano
8%
Will & GraceFinster
4.9%
Will & GraceSalazar
4.1%

From the Vault

European Historical Figure Minefield

by jrage2009

History 90s
This should be a good pulse check for those taking history classes in the fall.
Remove Ads.
Support Sporcle.
Get the best of Sporcle when you Go Orange. This ad-free experience offers more features, more stats, and more fun while also helping to support Sporcle. Thank you for becoming a member.

Show Comments

Extras

Top Quizzes Today


Score Distribution

Your Account Isn't Verified!

In order to create a playlist on Sporcle, you need to verify the email address you used during registration. Go to your Sporcle Settings to finish the process.

Report this User

Report this user for behavior that violates our Community Guidelines.

Details: